000 00447nam a22001577a 4500
003 0
005 20160609165841.0
008 101001t xxu||||| |||| 00| 0 eng d
040 _cBIBLIOTHEQUE EPAC
100 _aAssani,Dine
_99269
130 _lfr
_99270
245 _aEtude de la production du bois dans la commune de So-Ava
260 _aEPAC-UAC
_bEPAC-UAC
_c2007-2008
650 _aVEGETATION;PRODUCTION DU BOIS; So-Ava
_99271
942 _cLIVR
999 _c47807
_d47807